Statistiques concernant Culture Générale - Série 2367

Cliquez ici pour prendre le quiz!

Statistiques générales

  • Ce quiz a été pris 112 fois
  • Le résultat moyen est 6 sur 10

Statistiques - réponses

QuestionRéponse% Correct
Quel est le prénom du célèbre détective belge des romans d'Agatha Christie ?Hercule
93%
Ce mot désigne : un département français - le début du jour - un vêtement de communionaube
90%
Jeter un coup d'œil pour observer, regarder (qqch., qqn).synonyme de reluquer - 7 lettres commence par "z"zieuter
80%
Quelle était la nationalité du poète Pablo Neruda (1904-1973) ? voir photochilienne
73%
Sous quel nom connait-on mieux l'auteur italien de "La divine comédie"Dante
68%
En parlant d'un timbre-poste, quel adjectif signifie " Qui a reçu un cachet afin qu'il ne puisse plus servir une seconde fois" ?oblitéré
58%
Quel mot d'origine japonaise ou chinoise désigne un fromage de soja ?tofu
46%
Repos à l'intérieur d'un vers après une syllabe accentuéecésure
27%
Quel mot de 3 syllabes désigne un logement occupé occasionnellement ?pied-à-terre
25%
Grande lanterne pour les bateaux - 5 lettres commençant par " f "fanal
18%

Distribution des résultats

Percentile par nombre de réponses

% des personnes avec chaque résultat

Votre développement - résultats

Vous n’avez pas pris ce quiz